000 00828nam a2200229 a 4500
001 000025926
005 20200930024146.0
008 110224s2008 dr a r 000 0 spa d
040 _aDO-SdBNP
_bspa
_cBNPHU
082 _a515.35
_bS471a
100 1 _aSemerari, Francesco,
_d1946-
_910376
245 1 0 _aArgumentos de cálculo superior :
_becuaciones diferenciales y métodos matemáticos /
_cFrancesco Semerari.
260 _aSanto Domingo :
_b[s.n.],
_c2008.
300 _a247 P. ;
_c28 cm.
500 _aIncluye datos biográficos del autor.
590 _aLa biblioteca posee un ejemplar dedicado por el autor.
590 _aInventariado, 2018/BT
650 4 _aEcuaciones diferenciales
_952787
650 4 _aModelos matemáticos
_926696
650 4 _aCálculo numérico
_952788
910 _aValidado. Control de calidad. EMS
999 _c25418
_d25418